000 00810nas a2200265 4500
001 BR0003131
003 BR-BrBNA
005 20231205101915.0
007 ta
008 230509b bl.|||p| |||| 00| 00por d
040 _aBR-BrBNA
_bpor
_cBiblioteca Nacional de Agricultura
041 _a(Pt)
072 _aP35
100 1 _aSouza, L.C. de
100 1 _aQueiroz, J.E.
100 1 _aCheyi, H.R.
245 1 _aVariabilidade espacial da salinidade de um solo aluvial no semi-arido paraibano
650 _aSolo Aluvial
650 _aSalinizacao
650 _aSemi-Arido
650 _aParaiba
773 0 _tRevista Brasileira de Engenharia Agricola e Ambiental (Brazil)
_xISSN 1415-4366
_g(Jan-Apr 2000), v. 4(1) p. 35-40
_wBR0003131
909 _a202311
_bLúcia
_c55
_dLúcia Elande
942 _2AGRIS
_n0
_cANA
999 _c164645
_d164645